[Event "Svetla nad Sazavou Mares Memorial"]
[Site "Svetla nad Sazavou"]
[Date "2023.12.29"]
[Round "7"]
[White "Lang, Simon"]
[Black "Zadina, Vit"]
[Result "1-0"]
[WhiteElo "1919"]
[BlackElo "1582"]
[PlyCount "43"]
[EventDate "2023.12.29"]
[EventType "swiss"]
[EventRounds "9"]
[EventCountry "CZE"]
[SourceTitle "CB02_2024"]
[SourceDate "2024.01.10"]
[SourceVersion "1"]
[SourceVersionDate "2024.01.10"]
[SourceQuality "1"]

1. e4 e5 2. Nf3 Nc6 3. Bb5 a6 4. Bxc6 dxc6 5. 0-0 Bg4 6. h3 Bh5 7. g4 Bg6 8. Nxe5 Bxe4 9. Re1 Qd5 10. Nc3 Qxe5 11. Rxe4 Qxe4 12. Nxe4 0-0-0 13. Qf3 Rd7 14. d3 Bd6 15. Nxd6+ cxd6 16. Bf4 Nf6 17. Re1 h6 18. c4 Kc7 19. c5 Ne8 20. cxd6+ Nxd6 21. Qg3 f6 22. Bxd6+ 1-0

[Event "Svetla nad Sazavou Mares Memorial"]
[Site "Svetla nad Sazavou"]
[Date "2023.12.29"]
[Round "8"]
[White "Vincze, Roman"]
[Black "Lang, Simon"]
[Result "1/2-1/2"]
[WhiteElo "2133"]
[BlackElo "1919"]
[PlyCount "128"]
[EventDate "2023.12.29"]
[EventType "swiss"]
[EventRounds "9"]
[EventCountry "CZE"]
[SourceTitle "CB02_2024"]
[SourceDate "2024.01.10"]
[SourceVersion "1"]
[SourceVersionDate "2024.01.10"]
[SourceQuality "1"]

1. d4 d6 2. Bg5 Nd7 3. Nf3 Ngf6 4. e3 g6 5. c4 Bg7 6. Nc3 0-0 7. Be2 Re8 8. 0-0 c6 9. Qc2 Qc7 10. Rfd1 e5 11. Bh4 b6 12. dxe5 dxe5 13. Rd2 Nc5 14. Bxf6 Bxf6 15. Rad1 Bf5 16. Qc1 Rad8 17. b4 Ne4 18. Nxe4 Bxe4 19. Rxd8 Rxd8 20. Rxd8+ Qxd8 21. Qd2 Qxd2 22. Nxd2 Bf5 23. e4 Be6 24. Kf1 Kf8 25. Bd3 h5 26. Ke2 Ke7 27. a3 Kd7 28. Nb3 Be7 29. Nd2 f6 30. Ke3 Bg4 31. f3 Be6 32. Ke2 Kc7 33. Kd1 a5 34. bxa5 bxa5 35. a4 Bb4 36. Nb3 Kb6 37. Kc2 Bd7 38. c5+ Bxc5 39. Nxc5 Kxc5 40. Kc3 Be6 41. Be2 Bf7 42. Bd3 Ba2 43. Be2 Be6 44. Bd3 h4 45. g3 g5 46. g4 Bc8 47. Be2 Kb6 48. h3 Ba6 49. Bxa6 Kxa6 50. Kb3 Kb7 51. Kc4 Kb6 52. Kb3 Kc7 53. Kc4 Kd6 54. Kb3 Kc7 55. Kc4 Kb7 56. Kb3 Kb6 57. Kc4 Kb7 58. Kb3 Kc7 59. Kc4 Kb6 60. Kb3 Kb7 61. Kc4 Kc7 62. Kc5 Kb7 63. Kc4 Kb6 64. Kb3 Kc5 1/2-1/2

[Event "Morava-ch"]
[Site "Orlova"]
[Date "2023.10.27"]
[Round "6"]
[White "Hladky, Tadeas"]
[Black "Lang, Simon"]
[Result "0-1"]
[WhiteElo "2101"]
[BlackElo "2086"]
[PlyCount "82"]
[EventDate "2023.10.24"]
[EventType "swiss"]
[EventRounds "9"]
[EventCountry "CZE"]
[SourceTitle "Mega2024 Update 01"]
[Source "Chessbase"]
[SourceDate "2023.11.12"]
[SourceVersion "1"]
[SourceVersionDate "2023.11.12"]
[SourceQuality "1"]

1. Nf3 c5 2. c4 Nc6 3. Nc3 Nf6 4. e3 e5 5. d4 cxd4 6. exd4 e4 7. Ne5 Bb4 8. Be3 0-0 9. Be2 Qa5 10. Nxc6 bxc6 11. 0-0 Bxc3 12. bxc3 Ba6 13. Qd2 d5 14. Bg5 Nd7 15. Rfe1 Rfe8 16. Bg4 Nb6 17. c5 Nc4 18. Qf4 Bc8 19. Bh5 Be6 20. Qg3 Kh8 21. Be2 Na3 22. Rac1 Rab8 23. Bf4 Rb7 24. h4 Ree7 25. h5 h6 26. f3 Bf5 27. Bd6 Re8 28. Qf4 Bh7 29. Be5 f6 30. Bxf6 Rf8 31. Bxg7+ Kxg7 32. Qg4+ Kh8 33. Qe6 Qd8 34. Qxc6 Rg7 35. Qxh6 exf3 36. Bxf3 Rxf3 37. c6 Rfg3 38. Re2 Qf8 39. c7 Rg8 40. Qe6 Be4 41. Qe5+ Qg7 0-1

[Event "Ceske Budejovice op-A"]
[Site "Ceske Budejovice"]
[Date "2023.07.04"]
[Round "4"]
[White "Lang, Simon"]
[Black "Borkovec, Milan"]
[Result "1-0"]
[WhiteElo "1997"]
[BlackElo "2156"]
[PlyCount "75"]
[EventDate "2023.07.01"]
[EventType "swiss"]
[EventRounds "9"]
[EventCountry "CZE"]
[SourceTitle "CBM 215 Extra"]
[Source "ChessBase"]
[SourceDate "2023.09.30"]
[SourceVersion "1"]
[SourceVersionDate "2023.09.30"]
[SourceQuality "1"]

1. e4 e5 2. Nf3 Nc6 3. Bb5 a6 4. Bxc6 dxc6 5. 0-0 Bg4 6. h3 h5 7. d3 Qf6 8. Nbd2 g5 9. Nc4 Bxf3 10. Qxf3 Qxf3 11. gxf3 f6 12. h4 gxh4 13. Kg2 Bd6 14. Kh3 Ne7 15. Rg1 Kf7 16. f4 exf4 17. Nxd6+ cxd6 18. Bxf4 d5 19. Bd6 Ng6 20. f4 Rae8 21. Rae1 dxe4 22. dxe4 Rhg8 23. c4 b6 24. b3 Rd8 25. Rd1 Rge8 26. f5 Nf8 27. e5 fxe5 28. Bxe5 Rxe5 29. Rxd8 Rxf5 30. Rd6 Ne6 31. Kxh4 c5 32. Rxb6 Nd4 33. Kh3 a5 34. Ra6 Ne6 35. Rd1 Kf6 36. Re1 Re5 37. Rxe5 Kxe5 38. Rxa5 1-0

[Event "Teplice op"]
[Site "Teplice"]
[Date "2023.06.10"]
[Round "1"]
[White "Sargsyan, Shant"]
[Black "Lang, Simon"]
[Result "1-0"]
[WhiteElo "2640"]
[BlackElo "2081"]
[PlyCount "59"]
[EventDate "2023.06.10"]
[EventType "swiss"]
[EventRounds "9"]
[EventCountry "CZE"]
[SourceTitle "CBM 214 Extra"]
[Source "ChessBase"]
[SourceDate "2023.07.31"]
[SourceVersion "1"]
[SourceVersionDate "2023.07.31"]
[SourceQuality "1"]

1. e4 e6 2. d4 d5 3. e5 c5 4. c3 Bd7 5. Nf3 Qb6 6. a3 c4 7. Nbd2 Nc6 8. b3 cxb3 9. Nxb3 Na5 10. Nxa5 Qxa5 11. Bd2 Qa4 12. Qb1 b5 13. Bd3 Ne7 14. 0-0 Nc8 15. Bxh7 Nb6 16. Bc2 Qa6 17. h4 Rc8 18. Bd3 Nc4 19. Bg5 Qb6 20. Qc1 a6 21. g4 Qc7 22. h5 Na5 23. Qf4 Be7 24. h6 Bxg5 25. Nxg5 Bc6 26. hxg7 Rg8 27. Qf6 Qe7 28. Bh7 Kd7 29. Bxg8 Rxg8 30. f4 1-0

[Event "CZE-ch U16"]
[Site "Teplice"]
[Date "2023.03.15"]
[Round "6"]
[White "Paseka, Matyas"]
[Black "Lang, Simon"]
[Result "0-1"]
[WhiteElo "2082"]
[BlackElo "1974"]
[PlyCount "150"]
[EventDate "2023.03.11"]
[EventType "swiss"]
[EventRounds "9"]
[EventCountry "CZE"]
[SourceTitle "CBM 213 Extra"]
[Source "ChessBase"]
[SourceDate "2023.05.31"]
[SourceVersion "1"]
[SourceVersionDate "2023.05.31"]
[SourceQuality "1"]

1. e4 e6 2. d4 d5 3. Nd2 Nc6 4. Ngf3 Nf6 5. e5 Nd7 6. Be2 f6 7. exf6 Qxf6 8. Nf1 Bd6 9. Ne3 b6 10. Ng4 Qf5 11. h3 Bb7 12. Bd3 Qh5 13. 0-0 0-0-0 14. Be2 Qf5 15. Re1 Rde8 16. Bd2 Rhf8 17. Bd3 Qh5 18. Bc3 Rf4 19. Bb5 Qf7 20. Qd2 Rf5 21. Nge5 Ncxe5 22. dxe5 Bc5 23. b4 Be7 24. Nd4 Rh5 25. Qe2 Rh4 26. Ba6 Bxb4 27. Bxb7+ Kxb7 28. Bxb4 Rxd4 29. Bc3 Rc4 30. Qd2 Rf8 31. f3 Qf4 32. Qxf4 Rfxf4 33. Bd2 Rf5 34. c3 Nc5 35. Re3 Ka6 36. Rb1 Ra4 37. Rb2 b5 38. g3 Nb7 39. g4 Rf7 40. Bc1 Na5 41. Rf2 Nc4 42. Re1 Kb6 43. f4 Kc6 44. f5 Kd7 45. fxe6+ Kxe6 46. Rxf7 Kxf7 47. e6+ Ke8 48. Rf1 Rxa2 49. Bg5 Nd6 50. Bf4 Ke7 51. Bxd6+ Kxd6 52. Rf7 Re2 53. Rd7+ Kc6 54. Rxg7 d4 55. cxd4 b4 56. Kf1 Rxe6 57. d5+ Kxd5 58. Rxc7 Rb6 59. Rxa7 b3 60. Ra1 b2 61. Rb1 Rb3 62. Kg2 Ke4 63. Re1+ Kf4 64. Rb1 Kg5 65. Kh2 Kh4 66. Kg2 h6 67. Kg1 Kxh3 68. g5 hxg5 69. Kf2 Kg4 70. Ke2 Kf4 71. Kd2 g4 72. Kc2 Rb8 73. Rf1+ Kg3 74. Kb1 Kg2 75. Rf7 g3 0-1

[Event "Ceske Budejovice op-A"]
[Site "Ceske Budejovice"]
[Date "2022.07.06"]
[Round "6"]
[White "Dotzer, Lukas"]
[Black "Lang, Simon"]
[Result "0-1"]
[WhiteElo "2269"]
[BlackElo "1942"]
[PlyCount "58"]
[EventDate "2022.07.01"]
[EventType "swiss"]
[EventRounds "9"]
[EventCountry "CZE"]
[SourceTitle "CBM 209 Extra"]
[Source "ChessBase"]
[SourceDate "2022.09.30"]
[SourceVersion "1"]
[SourceVersionDate "2022.09.30"]
[SourceQuality "1"]

1. e4 e6 2. d4 d5 3. Nd2 c5 4. exd5 exd5 5. dxc5 Bxc5 6. Ngf3 Nc6 7. a3 Nf6 8. Be2 0-0 9. 0-0 Re8 10. b4 Bb6 11. Bb2 Bg4 12. h3 Bh5 13. Bd3 Ne4 14. g4 Bg6 15. b5 Na5 16. Bd4 Bc7 17. Re1 Qd6 18. Nf1 Rad8 19. Ne3 h5 20. g5 Qf4 21. h4 Bf5 22. Nxf5 Qxf5 23. Bf1 Qg4+ 24. Bg2 Nc4 25. Kh1 Ne5 26. Rg1 Qf4 27. Qc1 Ng4 28. Qf1 Qg3 29. fxg3 Nxg3# 0-1

[Event "CZE-ch Amateur"]
[Site "Luhacovice"]
[Date "2022.03.19"]
[Round "9"]
[White "Cupek, Martin"]
[Black "Lang, Simon"]
[Result "0-1"]
[WhiteElo "2108"]
[BlackElo "1812"]
[PlyCount "121"]
[EventDate "2022.03.12"]
[EventType "swiss"]
[EventRounds "9"]
[EventCountry "CZE"]
[SourceTitle "EXT 2023"]
[Source "ChessBase"]
[SourceDate "2022.10.05"]
[SourceVersion "1"]
[SourceVersionDate "2022.10.05"]
[SourceQuality "1"]

1. c4 c5 2. Nc3 Nc6 3. g3 g6 4. Bg2 Bg7 5. e3 e5 6. Nge2 Nge7 7. 0-0 0-0 8. Nd5 d6 9. d3 f5 10. Bd2 Be6 11. Bc3 Rb8 12. Qa4 Qc8 13. Nxe7+ Nxe7 14. Qxa7 d5 15. Qa4 dxc4 16. dxc4 e4 17. Rfd1 Nc6 18. Bxg7 Kxg7 19. Nf4 Ne5 20. Nxe6+ Qxe6 21. Bf1 g5 22. Rd5 f4 23. Qc2 Nf3+ 24. Kh1 Rf6 25. Bg2 Rh6 26. h4 fxg3 27. fxg3 gxh4 28. g4 Rf8 29. g5 Rg6 30. Rf1 Qg4 31. Bxf3 Qh3+ 32. Kg1 exf3 33. Rf2 Qg3+ 34. Kf1 h3 35. Qc3+ Kg8 36. Qe5 Qg2+ 37. Ke1 Qg1+ 38. Rf1 f2+ 39. Ke2 h2 40. Qe4 b6 41. Qh4 Rg7 42. a3 Qg2 43. Qh5 Qe4 44. b3 Qc2+ 45. Rd2 Qe4 46. Rd3 Qg2 47. Rd5 Qe4 48. Qxh2 Qc2+ 49. Rd2 Qxb3 50. Qh4 Re7 51. Rd3 Qb2+ 52. Rd2 Qxa3 53. Rd3 Qb2+ 54. Rd2 Qe5 55. Rd3 Qb2+ 56. Rd2 Qe5 57. Rd3 Ref7 58. Rd5 Qe6 59. Rd2 Rf3 60. Rd3 Rh3 61. Rd6 0-1

[Event "Marienske Lazne op 20th"]
[Site "Marianske Lazne"]
[Date "2022.01.18"]
[Round "5"]
[White "Svizensky, Lubos"]
[Black "Lang, Simon"]
[Result "0-1"]
[WhiteElo "1935"]
[BlackElo "1701"]
[PlyCount "98"]
[EventDate "2022.01.15"]
[EventType "swiss"]
[EventRounds "9"]
[EventCountry "CZE"]
[SourceTitle "CBM 206 Extra"]
[Source "ChessBase"]
[SourceDate "2022.03.31"]
[SourceVersion "1"]
[SourceVersionDate "2022.03.31"]
[SourceQuality "1"]

1. d4 d5 2. Nf3 Nf6 3. c4 e6 4. Nc3 Be7 5. Bf4 0-0 6. c5 b6 7. b4 a5 8. a3 Ne4 9. Qc1 axb4 10. axb4 Rxa1 11. Qxa1 Nc6 12. Qb2 bxc5 13. bxc5 Ba6 14. e3 Bxf1 15. Rxf1 Qa8 16. Bxc7 Bd8 17. Bxd8 Rxd8 18. Nxe4 dxe4 19. Nd2 Rb8 20. Qc3 Qa6 21. Qc4 Qa3 22. Nxe4 Rb2 23. Nd2 Na5 24. Qc1 Qb4 25. Ke2 Ra2 26. Kd1 Nb3 27. Nxb3 Qxb3+ 28. Ke1 Rc2 29. Qxc2 Qxc2 30. f4 Qxg2 31. Rf2 Qe4 32. Kd2 Kf8 33. Re2 Ke7 34. Re1 f6 35. Rg1 g6 36. h4 Kd7 37. Rc1 Kc6 38. Ra1 Kb7 39. Rc1 h6 40. Rg1 Qf5 41. Rg3 g5 42. hxg5 fxg5 43. Rf3 g4 44. Rf1 h5 45. Ke1 g3 46. Ke2 h4 47. Kf3 Qh5+ 48. Kg2 Qe2+ 49. Kg1 Qh2# 0-1

[Event "CZE-ch Betsys Online Blitz"]
[Site "Chess.com INT"]
[Date "2021.04.17"]
[Round "10"]
[White "Kovarik, Matyas"]
[Black "Lang, Simon"]
[Result "1-0"]
[WhiteElo "1956"]
[BlackElo "1757"]
[PlyCount "55"]
[EventDate "2021.04.17"]
[EventType "swiss (blitz)"]
[EventRounds "13"]
[EventCountry "CZE"]
[SourceTitle "CBM 201 Extra"]
[Source "ChessBase"]
[SourceDate "2021.05.31"]
[SourceVersion "1"]
[SourceVersionDate "2021.05.31"]
[SourceQuality "1"]

1. e4 e6 2. d4 d5 3. Nc3 Nf6 4. Bg5 Be7 5. e5 Nfd7 6. h4 a6 7. Qg4 Rg8 8. Bxe7 Qxe7 9. f4 c5 10. Nf3 Nc6 11. 0-0-0 cxd4 12. Nxd4 Nc5 13. h5 Bd7 14. h6 g6 15. Nxc6 bxc6 16. Qh4 Rb8 17. Qxe7+ Kxe7 18. g4 a5 19. Be2 Nb7 20. g5 c5 21. b3 Rgc8 22. Ba6 Rc6 23. Bb5 Rb6 24. Bxd7 Kxd7 25. Na4 Ra6 26. c4 d4 27. Rd3 Nd8 28. Nxc5+ 1-0

[Event "CZE-ch Betsys Online Blitz"]
[Site "Chess.com INT"]
[Date "2021.04.17"]
[Round "1"]
[White "Lang, Simon"]
[Black "Nepomucky, Ondrej"]
[Result "0-1"]
[WhiteElo "1757"]
[BlackElo "2144"]
[PlyCount "78"]
[EventDate "2021.04.17"]
[EventType "swiss (blitz)"]
[EventRounds "13"]
[EventCountry "CZE"]
[SourceTitle "CBM 201 Extra"]
[Source "ChessBase"]
[SourceDate "2021.05.31"]
[SourceVersion "1"]
[SourceVersionDate "2021.05.31"]
[SourceQuality "1"]

1. e4 c5 2. Nf3 Nc6 3. d4 cxd4 4. Nxd4 Nf6 5. Nc3 e5 6. Ndb5 d6 7. Bg5 a6 8. Na3 b5 9. Nd5 Be7 10. Bxf6 Bxf6 11. c3 0-0 12. Nc2 Bg5 13. Nce3 Ne7 14. Be2 Bb7 15. Bf3 Nxd5 16. Nxd5 Bxd5 17. Qxd5 Qb6 18. Rd1 Rfd8 19. 0-0 Rac8 20. Bg4 Rc5 21. Qd3 g6 22. Ra1 a5 23. Rfb1 d5 24. Rd1 dxe4 25. Qxe4 Rc4 26. Qxe5 Rxg4 27. h3 Rf4 28. Qxg5 Qxf2+ 29. Kh1 Re8 30. Qxb5 Re2 31. Qg5 Rf5 32. Qg4 Rxb2 33. Rf1 Qxf1+ 34. Rxf1 Rxf1+ 35. Kh2 Rff2 36. Qc8+ Kg7 37. Qc4 Rxg2+ 38. Kh1 Rgd2 39. Qc5 Rb1+ 0-1